1735 1713 1220 1071 1696 1500 1549 1186 1398 1556 1084 1557 1078 1388 1836 1476 1540 1732 1035 1105 1236 1687 1444 1443 1232 1273 1818 1927 1535 1573 1022 1941 1236 1321 1475 1002 1032 1496 1563 1319 1938 1111 1422 1652 1353 1328 1272 1938 1940 1781 1686 1125 1474 1195 1561 1832 1105 1254 1982 1485 1129 1710 1080 1912 1906 1435 1476 1309 1182 1987 1018 1241 1761 1652 1401 1076 1949 1933 1433 1049 1536 1930 1045 1962 1744 1972 1766 1887 1709 1268 1675 1640 1131 1653 1417 1904 1187 1965 1072 BCNSPRNW ULIB Ver.6.0+V

เปลี่ยนเป็นภาษาไทย

Change to English
 แสดงรายละเอียดบรรณานุกรม
  กลับหน้าหลัก

Brief Record : Get Marc (ISO 2709) : E-mail record : QR code < ปิดหน้าต่าง
LEADER : 00000nam 2200000uu 4500
001    13399124127
003     ULIB
008    150119s2557||||th 000 0 tha d
020    ^a9786162921179
060 04 ^aWJ340^bว382ร
100    ^aวัชระ จึงสง่า
245    ^aรู้สู้โรคไต/^cวัชระ จึงสง่า
250    ^aพิมพ์ครั้งที่ 1
260    ^aกรุงเทพฯ :^bGoodlife Publishing,^c2557
300    ^a144 หน้า;^b18.5 ซม.
650    ^aโรคไต
945    ^p155^l0^i038456
945    ^p155^l0^i038457
945    ^p155^l0^i038458
945    ^p155^l0^i038459
945    ^p155^l0^i038460
945    ^p155^l0^i038461
945    ^p155^l0^i038462
945    ^p155^l0^i038463
999    ^aเกษร โพธิ์สุวรรณ
รายการนี้ยังไม่มีแท็ก
คุณยังไม่ได้ล็อกอิน คุณสามารถมีกิจกรรมร่วมกับเว็บไซต์ได้ แต่ต้องล็อกอินก่อน ::
  ล็อกอิน

รายการสื่อสารสนเทศ

ลำดับที่ ประเภท เลขเรียก/บาร์โค้ด สถานที่ สถานะ
1. วิทยาศาสตร์การแพทย์ และสุขภาพ
วิทยาศาสตร์การแพทย์ และสุขภาพ
สถานะ=หนังสือเก่า
WJ340 ว382ร ฉ.1 
  Barcode: 038456
ห้องสมุดวิทยาเขตสวรรค์ประชารักษ์
►ส่วนจัดเก็บหนังสือเก่า สปร
บนชั้น
  ขอยืม
2. วิทยาศาสตร์การแพทย์ และสุขภาพ
วิทยาศาสตร์การแพทย์ และสุขภาพ
สถานะ=หนังสือเก่า
WJ340 ว382ร ฉ.2 
  Barcode: 038457
ห้องสมุดวิทยาเขตสวรรค์ประชารักษ์
►ส่วนจัดเก็บหนังสือเก่า สปร
บนชั้น
  ขอยืม
3. วิทยาศาสตร์การแพทย์ และสุขภาพ
วิทยาศาสตร์การแพทย์ และสุขภาพ
สถานะ=หนังสือเก่า
WJ340 ว382ร ฉ.3 
  Barcode: 038458
ห้องสมุดวิทยาเขตสวรรค์ประชารักษ์
►ส่วนจัดเก็บหนังสือเก่า สปร
บนชั้น
  ขอยืม
4. วิทยาศาสตร์การแพทย์ และสุขภาพ
วิทยาศาสตร์การแพทย์ และสุขภาพ
สถานะ=หนังสือเก่า
WJ340 ว382ร ฉ.4 
  Barcode: 038459
ห้องสมุดวิทยาเขตสวรรค์ประชารักษ์
►ส่วนจัดเก็บหนังสือเก่า สปร
บนชั้น
  ขอยืม
5. วิทยาศาสตร์การแพทย์ และสุขภาพ
วิทยาศาสตร์การแพทย์ และสุขภาพ
สถานะ=หนังสือเก่า
WJ340 ว382ร ฉ.5 
  Barcode: 038460
ห้องสมุดวิทยาเขตสวรรค์ประชารักษ์
►ส่วนจัดเก็บหนังสือเก่า สปร
บนชั้น
  ขอยืม
6. วิทยาศาสตร์การแพทย์ และสุขภาพ
วิทยาศาสตร์การแพทย์ และสุขภาพ
สถานะ=หนังสือเก่า
WJ340 ว382ร ฉ.6 
  Barcode: 038461
ห้องสมุดวิทยาเขตสวรรค์ประชารักษ์
►ส่วนจัดเก็บหนังสือเก่า สปร
บนชั้น
  ขอยืม
7. วิทยาศาสตร์การแพทย์ และสุขภาพ
วิทยาศาสตร์การแพทย์ และสุขภาพ
สถานะ=หนังสือเก่า
WJ340 ว382ร ฉ.7 
  Barcode: 038462
ห้องสมุดวิทยาเขตสวรรค์ประชารักษ์
►ส่วนจัดเก็บหนังสือเก่า สปร
บนชั้น
  ขอยืม
8. วิทยาศาสตร์การแพทย์ และสุขภาพ
วิทยาศาสตร์การแพทย์ และสุขภาพ
สถานะ=หนังสือเก่า
WJ340 ว382ร ฉ.8 
  Barcode: 038463
ห้องสมุดวิทยาเขตสวรรค์ประชารักษ์
►ส่วนจัดเก็บหนังสือเก่า สปร
บนชั้น
  ขอยืม

รายการใกล้เคียง
    ผู้แต่ง [วัชระ จึงสง่า]

    หัวเรื่อง [โรคไต]

BibComment


ยังไม่เคยถูกคอมเมนท์

คอมเมนท์ทรัพยากรรายการนี้
  คอมเมนท์: รู้สู้โรคไต วัชร..


 Copyright 2026. Bcnsprnw @Library